[Event "American World Cup Q Prelim"]
[Site "Tornelo INT"]
[Date "2021.05.08"]
[Round "3"]
[White "Chinchilla Miranda, Eugenio"]
[Black "Sears, Frank"]
[Result "1-0"]
[WhiteElo "2218"]
[BlackElo "1787"]
[PlyCount "87"]
[EventDate "2021.05.08"]
[EventType "swiss (rapid)"]
[EventRounds "9"]
[EventCountry "USA"]
[SourceTitle "CBM 202 Extra"]
[Source "ChessBase"]
[SourceDate "2021.07.31"]
[SourceVersion "1"]
[SourceVersionDate "2021.07.31"]
[SourceQuality "1"]

1. d4 Nf6 2. c4 g6 3. Nc3 d5 4. cxd5 Nxd5 5. Bd2 Bg7 6. e4 Nxc3 7. Bxc3 0-0 8. Qd2 c5 9. d5 b6 10. h4 Nd7 11. h5 Nf6 12. hxg6 fxg6 13. f3 a5 14. 0-0-0 Ba6 15. Bxa6 Rxa6 16. Qd3 Ra7 17. Nh3 Nh5 18. Bxg7 Kxg7 19. Ng5 Nf4 20. Qd2 Qb8 21. Rxh7+ Kf6 22. Nh3 e5 23. Rxa7 Qxa7 24. Nxf4 exf4 25. Qxf4+ Kg7 26. Qg5 Qf7 27. Rh1 Qf4+ 28. Qxf4 Rxf4 29. Kd2 Kf6 30. Ke3 Ke5 31. Rh6 Rf6 32. g3 g5 33. Rxf6 Kxf6 34. a4 c4 35. Kd4 c3 36. bxc3 Ke7 37. c4 Kd6 38. e5+ Kd7 39. f4 gxf4 40. gxf4 Kc7 41. f5 Kd7 42. f6 Ke8 43. e6 Kf8 44. Ke5 1-0

[Event "De Verteuil Memorial 26th"]
[Site "Port of Spain"]
[Date "2018.10.18"]
[Round "3"]
[White "Sears, Frank"]
[Black "Primus, Prince"]
[Result "1/2-1/2"]
[WhiteElo "1856"]
[BlackElo "1522"]
[PlyCount "90"]
[EventDate "2018.10.04"]
[EventType "swiss"]
[EventRounds "7"]
[EventCountry "TRI"]
[SourceTitle "CBM 187 Extra"]
[Source "ChessBase"]
[SourceDate "2018.11.04"]
[SourceVersion "1"]
[SourceVersionDate "2018.11.04"]
[SourceQuality "1"]

1. e4 c5 2. Nf3 d6 3. Bb5+ Bd7 4. Bxd7+ Qxd7 5. c4 e6 6. d4 cxd4 7. Nxd4 Nf6 8. Nc3 Be7 9. 0-0 a6 10. Be3 Nc6 11. f3 0-0 12. Qd2 Rad8 13. Nde2 d5 14. Bb6 Rc8 15. cxd5 exd5 16. exd5 Ne5 17. b3 Bc5+ 18. Bxc5 Rxc5 19. Qd4 Qd6 20. Rad1 Rd8 21. Ne4 Nxe4 22. fxe4 Rdc8 23. Rf5 f6 24. Rff1 Rc2 25. Rc1 Qa3 26. Rxc2 Rxc2 27. Nf4 Qc5 28. Qxc5 Rxc5 29. Rd1 Kf7 30. d6 Nd7 31. Nd5 Rc2 32. a4 Ke6 33. a5 h6 34. Kf1 Rc6 35. Nc7+ Ke5 36. Ne8 g6 37. Rd2 Rc5 38. b4 Rc4 39. Rd5+ Kxe4 40. Rd1 Ke5 41. Nc7 Rxb4 42. Rd5+ Ke4 43. Rd1 Ke5 44. Rd5+ Ke4 45. Rd1 Ke5 1/2-1/2

[Event "Port of Spain Knights op 45th"]
[Site "Port of Spain"]
[Date "2018.05.03"]
[Round "5"]
[White "Sears, Frank"]
[Black "Wiltshire, Esan"]
[Result "0-1"]
[WhiteElo "1964"]
[BlackElo "2073"]
[PlyCount "78"]
[EventDate "2018.04.05"]
[EventType "swiss"]
[EventRounds "7"]
[EventCountry "TRI"]
[SourceTitle "CBM 184 Extra"]
[Source "ChessBase"]
[SourceDate "2018.06.28"]
[SourceVersion "1"]
[SourceVersionDate "2018.06.28"]
[SourceQuality "1"]

1. e4 c5 2. Nf3 d6 3. d4 cxd4 4. Nxd4 Nf6 5. Nc3 a6 6. Bc4 e6 7. Bb3 Nbd7 8. Be3 Nc5 9. f3 b5 10. Qd2 Qc7 11. 0-0 Be7 12. Nde2 Bb7 13. Rad1 0-0 14. Ng3 Rfd8 15. Qf2 Bc6 16. e5 Nfd7 17. exd6 Bxd6 18. f4 b4 19. Nce2 Bb5 20. Rfe1 a5 21. Nd4 Ba6 22. a4 Nf6 23. Nb5 Bxb5 24. axb5 Ng4 25. Qf1 Nxb3 26. Rxd6 Qxd6 27. cxb3 Nxe3 28. Rxe3 Qc5 29. Qe2 Qc1+ 30. Nf1 Rd1 31. Kf2 Rad8 32. Qc4 Qxb2+ 33. Kf3 Rc1 34. Qe2 Rc2 35. Qe1 Rc3 36. Qh4 Rd1 37. Qf2 Qxf2+ 38. Kxf2 Rxf1+ 39. Kxf1 Rxe3 0-1

[Event "Port of Spain Knights op 45th"]
[Site "Port of Spain"]
[Date "2018.04.12"]
[Round "2"]
[White "Sears, Frank"]
[Black "Merritt, Mario"]
[Result "0-1"]
[WhiteElo "1964"]
[BlackElo "2182"]
[PlyCount "118"]
[EventDate "2018.04.05"]
[EventType "swiss"]
[EventRounds "7"]
[EventCountry "TRI"]
[SourceTitle "CBM 184 Extra"]
[Source "ChessBase"]
[SourceDate "2018.06.28"]
[SourceVersion "1"]
[SourceVersionDate "2018.06.28"]
[SourceQuality "1"]

1. e4 e6 2. d4 d5 3. e5 c5 4. c3 Bd7 5. Bd3 Qb6 6. Nf3 Bb5 7. 0-0 Bxd3 8. Qxd3 cxd4 9. cxd4 Ne7 10. Nc3 Nf5 11. g4 Ne7 12. Qb5+ Nec6 13. Qxb6 axb6 14. Be3 Be7 15. Ne1 h5 16. g5 Kd7 17. f4 g6 18. Nd3 Rc8 19. Rfc1 Na6 20. Na4 Bd8 21. b3 Ncb4 22. Nxb4 Nxb4 23. Rxc8 Rxc8 24. Rc1 Rxc1+ 25. Bxc1 Nxa2 26. Bd2 Kc6 27. Kf1 Kb5 28. Nc3+ Nxc3 29. Bxc3 Be7 30. Ke2 Bb4 31. Bb2 Ka5 32. h3 Kb5 33. Kd3 Be1 34. Ba3 Ka5 35. Kc2 Bg3 36. Bc1 Kb4 37. Bd2+ Ka3 38. Bc1+ Ka2 39. Be3 b5 40. Kc3 Be1+ 41. Kc2 b4 42. Bg1 Bh4 43. Be3 Bg3 44. Bd2 Bf2 45. Bxb4 Be3 46. Kc3 Bxf4 47. Be7 Be3 48. Bf6 Kb1 49. Be7 Kc1 50. Kd3 Bf4 51. Kc3 Bd2+ 52. Kd3 Kd1 53. Bd8 Ke1 54. Be7 Bf4 55. Kc3 Be3 56. Kd3 Kf2 57. Bd8 Kf3 58. Bb6 Bxg5 59. Kc3 Kg3 0-1

[Event "Pan American-ch Seniors 65"]
[Site "Neiva"]
[Date "2017.10.16"]
[Round "9"]
[White "Zarate Rueda, Rafael Humberto"]
[Black "Sears, Frank"]
[Result "0-1"]
[WhiteElo "1419"]
[BlackElo "1858"]
[PlyCount "64"]
[EventDate "2017.10.11"]
[EventType "swiss"]
[EventRounds "9"]
[EventCountry "COL"]
[SourceTitle "CBM 181 Extra"]
[Source "ChessBase"]
[SourceDate "2017.12.12"]
[SourceVersion "1"]
[SourceVersionDate "2017.12.12"]
[SourceQuality "1"]

1. e4 e5 2. Nf3 Nf6 3. Nc3 Nc6 4. Bc4 Bc5 5. 0-0 d6 6. a3 h6 7. b4 Bb6 8. d3 Ne7 9. Nd5 Nfxd5 10. exd5 0-0 11. Be3 Kh8 12. a4 Nf5 13. Qe2 a5 14. c3 Nxe3 15. fxe3 Bg4 16. Qf2 Bxf3 17. Qxf3 Qg5 18. Rae1 axb4 19. Bb5 bxc3 20. Kh1 f5 21. Qe2 f4 22. Rf3 Bxe3 23. Ref1 Rf6 24. Qc2 Bd4 25. Qa2 b6 26. Bd7 Rg6 27. Bh3 Ra5 28. Qc4 Rc5 29. Qa6 Rf6 30. Be6 Rf8 31. Rc1 c2 32. Rff1 Be3 0-1

[Event "Pan American-ch Seniors 65"]
[Site "Neiva"]
[Date "2017.10.15"]
[Round "7"]
[White "Sears, Frank"]
[Black "Gomez Marin, Fernando Antonio"]
[Result "1-0"]
[WhiteElo "1858"]
[BlackElo "1574"]
[PlyCount "103"]
[EventDate "2017.10.11"]
[EventType "swiss"]
[EventRounds "9"]
[EventCountry "COL"]
[SourceTitle "CBM 181 Extra"]
[Source "ChessBase"]
[SourceDate "2017.12.12"]
[SourceVersion "1"]
[SourceVersionDate "2017.12.12"]
[SourceQuality "1"]

1. e4 c5 2. Nf3 d6 3. Bb5+ Bd7 4. Bxd7+ Nxd7 5. c4 Ngf6 6. Nc3 e6 7. d4 cxd4 8. Nxd4 a6 9. Be3 Qc7 10. Qe2 Rc8 11. b3 b5 12. f3 bxc4 13. Rc1 cxb3 14. Nxb3 Qb7 15. Kf2 Be7 16. g4 0-0 17. h4 h5 18. g5 Ne8 19. f4 g6 20. Qd3 f6 21. Kg3 fxg5 22. hxg5 Ng7 23. Rh2 Kf7 24. Rhc2 Rh8 25. Kh3 Nb6 26. Nd2 Rc6 27. Ne2 Rxc2 28. Rxc2 Rc8 29. Rb2 Bd8 30. Qxd6 Ne8 31. Qd3 Qc6 32. Qxa6 Nc4 33. Qxc6 Rxc6 34. Rc2 Na5 35. Rxc6 Nxc6 36. Bc5 Be7 37. Bxe7 Kxe7 38. Nc4 Nb4 39. Nc3 Kd7 40. Ne5+ Kd6 41. Nxg6 Kc5 42. a3 Nd3 43. f5 Kd4 44. f6 Nd6 45. Nb5+ Nxb5 46. f7 Nxa3 47. f8Q Nc4 48. Nf4 Nf2+ 49. Kh4 Ne5 50. Nxe6+ Ke3 51. Qf4+ Kd3 52. g6 1-0

[Event "De Verteuil Memorial 25th"]
[Site "Port of Spain"]
[Date "2017.10.05"]
[Round "1"]
[White "Sears, Frank"]
[Black "Harper, Ryan"]
[Result "0-1"]
[WhiteElo "1874"]
[BlackElo "2209"]
[PlyCount "100"]
[EventDate "2017.10.05"]
[EventType "swiss"]
[EventRounds "7"]
[EventCountry "TRI"]
[SourceTitle "CBM 187 Extra"]
[Source "ChessBase"]
[SourceDate "2018.11.04"]
[SourceVersion "1"]
[SourceVersionDate "2018.11.04"]
[SourceQuality "1"]

1. e4 c5 2. Nf3 e6 3. c4 Nc6 4. d4 cxd4 5. Nxd4 Nf6 6. f3 Qb6 7. Nb3 a5 8. a4 Bb4+ 9. Nc3 0-0 10. Bd2 d5 11. Qc2 d4 12. Nb5 Nd7 13. Bd3 Nde5 14. Nc1 Bxd2+ 15. Qxd2 Nb4 16. b3 f5 17. exf5 exf5 18. 0-0 Bd7 19. Rd1 Bxb5 20. axb5 f4 21. Qf2 Rae8 22. Be4 Ng4 23. Bxh7+ Kxh7 24. fxg4 Re3 25. Ne2 d3 26. Nc3 Qd4 27. Rac1 Rfe8 28. Kf1 f3 29. gxf3 Qf4 30. Kg1 Rxf3 31. Qh4+ Kg8 32. Rf1 Rxf1+ 33. Rxf1 Qd4+ 34. Qf2 Qxg4+ 35. Kh1 Qe6 36. Qd4 Qe3 37. Qxe3 Rxe3 38. Rd1 d2 39. Rxd2 Rxc3 40. Rd8+ Kh7 41. Rd7 b6 42. Rb7 Rxb3 43. Rxb6 a4 44. Rb7 a3 45. Ra7 Rb1+ 46. Kg2 a2 47. b6 a1Q 48. Rxa1 Rxa1 49. b7 Nc6 50. c5 Rc1 0-1

[Event "Port of Spain op"]
[Site "Port of Spain"]
[Date "2017.09.01"]
[Round "8"]
[White "Sears, Frank"]
[Black "Merritt, Mario"]
[Result "1/2-1/2"]
[WhiteElo "1885"]
[BlackElo "2162"]
[PlyCount "142"]
[EventDate "2017.08.27"]
[EventType "swiss"]
[EventRounds "9"]
[EventCountry "TRI"]
[SourceTitle "CBM 180 Extra"]
[Source "ChessBase"]
[SourceDate "2017.10.06"]
[SourceVersion "1"]
[SourceVersionDate "2017.10.06"]
[SourceQuality "1"]

1. e4 c5 2. Nf3 g6 3. c4 Bg7 4. d4 cxd4 5. Nxd4 d6 6. Be3 Nf6 7. f3 0-0 8. Nc3 Bd7 9. Be2 Nc6 10. Qd2 Nxd4 11. Bxd4 Bc6 12. 0-0 a5 13. Qe3 Nd7 14. Bxg7 Kxg7 15. f4 Qb6 16. Qxb6 Nxb6 17. b3 Nd7 18. Bf3 Nc5 19. Rad1 Rfd8 20. Rf2 h5 21. Rfd2 Ne6 22. g3 h4 23. Nd5 Bxd5 24. exd5 Nc5 25. Re1 Re8 26. Re3 hxg3 27. hxg3 b6 28. g4 f6 29. Rh2 Ra7 30. g5 fxg5 31. fxg5 Rf8 32. Bg4 Rf4 33. Be6 Nxe6 34. Rxe6 Rf5 35. Rg2 Kf7 36. Re3 Ra8 37. Rf2 Rxf2 38. Kxf2 Rh8 39. Rf3+ Ke8 40. a4 Rh5 41. Rg3 e6 42. dxe6 Ke7 43. Kf3 Kxe6 44. Kg4 Rh1 45. Re3+ Kd7 46. Rf3 Rg1+ 47. Kf4 Kc6 48. Rh3 Rf1+ 49. Kg4 Rd1 50. Rh6 Rd4+ 51. Kg3 Rd3+ 52. Kh4 Rxb3 53. Rxg6 Rb4 54. Rf6 Rxc4+ 55. Kg3 Rc1 56. g6 Rg1+ 57. Kh4 Kc5 58. Rf5+ d5 59. Rg5 Rh1+ 60. Kg4 Rh8 61. g7 Rg8 62. Kf5 Kc4 63. Kg6 Kb3 64. Rg4 Kc3 65. Kf7 Rxg7+ 66. Rxg7 d4 67. Ke6 d3 68. Kd5 Kb3 69. Rg3 Kxa4 70. Rxd3 Kb4 71. Kc6 a4 1/2-1/2

[Event "Port of Spain op"]
[Site "Port of Spain"]
[Date "2017.08.28"]
[Round "3"]
[White "Yearwood, Shannon"]
[Black "Sears, Frank"]
[Result "1/2-1/2"]
[WhiteElo "1670"]
[BlackElo "1885"]
[PlyCount "119"]
[EventDate "2017.08.27"]
[EventType "swiss"]
[EventRounds "9"]
[EventCountry "TRI"]
[SourceTitle "CBM 180 Extra"]
[Source "ChessBase"]
[SourceDate "2017.10.06"]
[SourceVersion "1"]
[SourceVersionDate "2017.10.06"]
[SourceQuality "1"]

1. e4 e5 2. Nf3 Nf6 3. Nc3 Nc6 4. Bc4 Bc5 5. d3 h6 6. 0-0 d6 7. h3 a6 8. a4 Ne7 9. Be3 Ba7 10. d4 exd4 11. Bxd4 Bxd4 12. Nxd4 0-0 13. Ba2 c6 14. Nf3 Qc7 15. Qe2 Ng6 16. Rfd1 Be6 17. Bxe6 fxe6 18. Qd3 Rad8 19. e5 Nxe5 20. Nxe5 dxe5 21. Qc4 Qf7 22. Rxd8 Rxd8 23. Qc5 Rd2 24. Qxe5 Rxc2 25. Rd1 Nd5 26. Ne4 Qf5 27. Qxf5 exf5 28. Nd6 Rxb2 29. Nxf5 a5 30. Re1 Rb4 31. Re8+ Kh7 32. Rb8 Kg6 33. Nd6 Rxa4 34. Rxb7 Rb4 35. Ra7 a4 36. Nb7 Nc3 37. Nc5 Rb1+ 38. Kh2 Kf6 39. Ra6 Ke5 40. Nxa4 Nxa4 41. Rxa4 c5 42. Kg3 Rb7 43. Kf3 Kd5 44. Ke3 Rb3+ 45. Kd2 Rb7 46. Kc3 Rb1 47. Ra7 Rf1 48. Rxg7 Rxf2 49. Rg6 h5 50. Rg5+ Kc6 51. Rxh5 Rxg2 52. Kc4 Rc2+ 53. Kd3 Rc1 54. Kd2 Rh1 55. Rh8 Kb5 56. Kc3 Rh2 57. Rb8+ Kc6 58. Rc8+ Kb6 59. Rh8 Rh1 60. Rh6+ 1/2-1/2

[Event "Port of Spain op"]
[Site "Port of Spain"]
[Date "2017.08.27"]
[Round "1"]
[White "Blanco Ronquillo, Humberto L"]
[Black "Sears, Frank"]
[Result "1-0"]
[WhiteElo "2442"]
[BlackElo "1885"]
[PlyCount "61"]
[EventDate "2017.08.27"]
[EventType "swiss"]
[EventRounds "9"]
[EventCountry "TRI"]
[SourceTitle "CBM 180 Extra"]
[Source "ChessBase"]
[SourceDate "2017.10.06"]
[SourceVersion "1"]
[SourceVersionDate "2017.10.06"]
[SourceQuality "1"]

1. d4 Nf6 2. c4 g6 3. Nc3 d5 4. Nf3 Bg7 5. Bf4 c5 6. dxc5 Qa5 7. Rc1 dxc4 8. e3 0-0 9. Bxc4 Qxc5 10. Bb3 Nc6 11. 0-0 Qa5 12. h3 Bf5 13. Qe2 e5 14. Bh2 Ne4 15. Nxe4 Bxe4 16. Rfd1 Rad8 17. Qc4 Bxf3 18. gxf3 Rxd1+ 19. Rxd1 Qc7 20. f4 Qe7 21. Qe4 Rd8 22. Rxd8+ Qxd8 23. fxe5 Qg5+ 24. Kh1 Qe7 25. e6 f5 26. Qd5 Bxb2 27. Bd6 Qe8 28. Qb5 Qc8 29. Bd5 Bf6 30. Qxb7 Qxb7 31. e7+ 1-0

[Event "Capablanca Memorial op 52nd"]
[Site "Matanzas"]
[Date "2017.05.27"]
[Round "1"]
[White "Sears, Frank"]
[Black "Bueno Gauna, Christian Alejandro"]
[Result "0-1"]
[WhiteElo "1884"]
[BlackElo "2160"]
[PlyCount "90"]
[EventDate "2017.05.27"]
[EventType "swiss"]
[EventRounds "10"]
[EventCountry "CUB"]
[SourceTitle "EXT 2018"]
[Source "ChessBase"]
[SourceDate "2017.10.13"]
[SourceVersion "1"]
[SourceVersionDate "2017.10.13"]
[SourceQuality "1"]

1. e4 d5 2. exd5 Nf6 3. d4 Bg4 4. Nf3 Qxd5 5. Be2 e6 6. a3 Nc6 7. Nc3 Qd7 8. Be3 Be7 9. Ne5 Nxe5 10. dxe5 Bxe2 11. Kxe2 Nd5 12. Nxd5 exd5 13. Re1 c5 14. Kf1 d4 15. Bc1 0-0 16. b3 b5 17. Qd3 Rac8 18. c4 Rb8 19. Bf4 Rb6 20. Rab1 a6 21. h3 Qe6 22. Rec1 Qg6 23. Qxg6 fxg6 24. Bd2 Rfb8 25. b4 bxc4 26. Rxc4 Kf7 27. f4 Ke6 28. Ke2 Kd5 29. Kd3 a5 30. Rbc1 axb4 31. axb4 Ra8 32. bxc5 Rb3+ 33. Ke2 Ra2 34. Kd1 Rd3 35. R1c2 Rxc2 36. Rxc2 Bxc5 37. Ra2 Ke4 38. Ke2 Rb3 39. Kd1 d3 40. Kc1 Ba3+ 41. Rxa3 Rxa3 42. Kb2 Ra6 43. g4 Rc6 44. Bb4 Kxf4 45. Bc3 Ke3 0-1

[Event "Port of Spain op 44th"]
[Site "Port of Spain"]
[Date "2017.05.18"]
[Round "5"]
[White "Duncan, Leonard"]
[Black "Sears, Frank"]
[Result "0-1"]
[WhiteElo "1892"]
[BlackElo "1884"]
[PlyCount "126"]
[EventDate "2017.04.20"]
[EventType "swiss"]
[EventRounds "7"]
[EventCountry "TRI"]
[SourceTitle "EXT 2018"]
[Source "ChessBase"]
[SourceDate "2017.10.13"]
[SourceVersion "1"]
[SourceVersionDate "2017.10.13"]
[SourceQuality "1"]

1. Nf3 d5 2. g3 c5 3. Bg2 Nc6 4. d3 e5 5. Nbd2 Nf6 6. 0-0 Bd6 7. e4 d4 8. Nc4 Bc7 9. a4 b6 10. Nh4 0-0 11. Bg5 h6 12. Bxf6 Qxf6 13. Qh5 Qg5 14. Qxg5 hxg5 15. Nf3 f6 16. h3 Bd7 17. g4 Nd8 18. Ne1 Ne6 19. Bf3 Nf4 20. Kh2 Kf7 21. Ng2 Ng6 22. b3 a6 23. Be2 Rh8 24. a5 bxa5 25. Nxa5 Bxa5 26. Rxa5 Bb5 27. Kg3 Ne7 28. Rh1 Nc6 29. Raa1 Nb4 30. Bd1 a5 31. Ne1 Ra6 32. Nf3 a4 33. bxa4 Rxa4 34. Rxa4 Bxa4 35. c3 Bxd1 36. cxb4 Bxf3 37. Kxf3 cxb4 38. Rb1 Rb8 39. Rb3 Ke7 40. Ke2 Kd6 41. Kd2 Kc5 42. Rb1 Kb5 43. Ra1 b3 44. Ra7 Kb4 45. Rxg7 Rb6 46. Rc7 Rb5 47. Rc6 Ka3 48. Kc1 b2+ 49. Kb1 Kb3 50. Rc2 Ra5 51. Rxb2+ Kc3 52. Rb6 Kxd3 53. f3 Rc5 54. Rxf6 Ke2 55. Rf5 d3 56. Rf7 d2 57. Rd7 d1Q+ 58. Rxd1 Kxd1 59. Kb2 Ke2 60. Kb3 Kxf3 61. Kb4 Rc1 62. Kb3 Kxe4 63. Kb2 Rc8 0-1

[Event "Port of Spain op 44th"]
[Site "Port of Spain"]
[Date "2017.04.27"]
[Round "2"]
[White "Winter Atwell, Adrian"]
[Black "Sears, Frank"]
[Result "1-0"]
[WhiteElo "2148"]
[BlackElo "1884"]
[PlyCount "79"]
[EventDate "2017.04.20"]
[EventType "swiss"]
[EventRounds "7"]
[EventCountry "TRI"]
[SourceTitle "EXT 2018"]
[Source "ChessBase"]
[SourceDate "2017.10.13"]
[SourceVersion "1"]
[SourceVersionDate "2017.10.13"]
[SourceQuality "1"]

1. e4 e5 2. Nf3 Nf6 3. Nc3 Nc6 4. Bb5 Nd4 5. Ba4 c6 6. Nxe5 d6 7. Nf3 Bg4 8. d3 b5 9. Be3 Bxf3 10. gxf3 Nxf3+ 11. Qxf3 bxa4 12. e5 dxe5 13. Qxc6+ Nd7 14. Nd5 Qc8 15. Qxa8 Qxa8 16. Nc7+ Kd8 17. Nxa8 Bc5 18. d4 exd4 19. Bf4 Re8+ 20. Kd2 Ne5 21. Bxe5 Rxe5 22. Rae1 Bb4+ 23. c3 dxc3+ 24. bxc3 Rd5+ 25. Ke3 Bc5+ 26. Ke4 Rh5 27. Rd1+ Kc8 28. Rd5 Rh4+ 29. f4 Be7 30. Rhd1 g5 31. Rf5 f6 32. Rd4 gxf4 33. Rxf4 Rxh2 34. Rc4+ Kb8 35. Nc7 Bd6 36. Na6+ Kb7 37. Rxf6 Rh4+ 38. Kd5 Rxc4 39. Kxc4 Kc6 40. Rh6 1-0

[Event "De Verteuil Memorial 24th"]
[Site "Port of Spain"]
[Date "2016.10.27"]
[Round "4"]
[White "Browne, Paul"]
[Black "Sears, Frank"]
[Result "1/2-1/2"]
[WhiteElo "1846"]
[BlackElo "1910"]
[PlyCount "78"]
[EventDate "2016.10.06"]
[EventType "swiss"]
[EventRounds "7"]
[EventCountry "TRI"]
[SourceTitle "EXT 2018"]
[Source "ChessBase"]
[SourceDate "2017.10.13"]
[SourceVersion "1"]
[SourceVersionDate "2017.10.13"]
[SourceQuality "1"]

1. e4 e5 2. Nf3 Nc6 3. Bb5 Nf6 4. 0-0 Nxe4 5. d4 Nd6 6. Bxc6 dxc6 7. dxe5 Nf5 8. Qxd8+ Kxd8 9. Ng5 Ke8 10. c3 Be7 11. b3 h5 12. Na3 h4 13. h3 Rh5 14. Ne4 Be6 15. c4 Nd4 16. Bb2 Rxe5 17. Rfe1 Bxa3 18. Bxd4 Rf5 19. Bxg7 Be7 20. Rad1 Rd8 21. Bc3 b5 22. cxb5 cxb5 23. Rxd8+ Kxd8 24. Re3 c5 25. g4 hxg3 26. fxg3 c4 27. bxc4 Bxc4 28. a3 Rf1+ 29. Kg2 Rd1 30. h4 Kd7 31. Nf6+ Bxf6 32. Bxf6 a5 33. Bc3 a4 34. g4 Rd3 35. Kf3 Rd1 36. Kf4 Be6 37. Bb4 Rd4+ 38. Re4 Rxe4+ 39. Kxe4 Bxg4 1/2-1/2

[Event "De Verteuil Memorial 24th"]
[Site "Port of Spain"]
[Date "2016.10.13"]
[Round "2"]
[White "James, Shemilah"]
[Black "Sears, Frank"]
[Result "0-1"]
[WhiteElo "1473"]
[BlackElo "1910"]
[PlyCount "82"]
[EventDate "2016.10.06"]
[EventType "swiss"]
[EventRounds "7"]
[EventCountry "TRI"]
[SourceTitle "EXT 2018"]
[Source "ChessBase"]
[SourceDate "2017.10.13"]
[SourceVersion "1"]
[SourceVersionDate "2017.10.13"]
[SourceQuality "1"]

1. e4 e5 2. Nf3 Nc6 3. Bc4 Be7 4. d3 Nf6 5. 0-0 0-0 6. Re1 d6 7. c3 Na5 8. Bb3 Nxb3 9. axb3 c5 10. Nbd2 h6 11. Nf1 Be6 12. Ng3 Qd7 13. h3 Nh7 14. d4 cxd4 15. cxd4 Qb5 16. d5 Bd7 17. Be3 a5 18. Nd2 f5 19. exf5 Qxd5 20. Nc4 Nf6 21. Qxd5+ Nxd5 22. Red1 Nxe3 23. Nxe3 Ra6 24. Nc4 Bxf5 25. Nxf5 Rxf5 26. Rxa5 Rf8 27. Rb5 Rb8 28. Na5 Bd8 29. Nc4 Bc7 30. Rbd5 Rf8 31. Nxd6 Bb6 32. Ne4 Bd4 33. Rd2 Rb6 34. Nc5 Rb5 35. R5xd4 exd4 36. Ne6 Re8 37. Nxd4 Rd5 38. Nf3 Rxd2 39. Nxd2 Re1+ 40. Kh2 Re2 41. Nc4 Rxf2 0-1

[Event "Port of Spain op"]
[Site "Port of Spain"]
[Date "2016.08.04"]
[Round "9"]
[White "Mc Intosh, Isaiah"]
[Black "Sears, Frank"]
[Result "1-0"]
[WhiteElo "1927"]
[BlackElo "1950"]
[PlyCount "85"]
[EventDate "2016.07.29"]
[EventType "swiss"]
[EventRounds "9"]
[EventCountry "TRI"]
[SourceTitle "EXT 2017"]
[Source "ChessBase"]
[SourceDate "2016.10.25"]
[SourceVersion "1"]
[SourceVersionDate "2016.10.25"]
[SourceQuality "1"]

1. e4 e5 2. Nf3 Nc6 3. Bc4 Be7 4. d4 d6 5. 0-0 Nf6 6. Nc3 0-0 7. h3 exd4 8. Nxd4 Nxd4 9. Qxd4 c6 10. Bf4 Qb6 11. Qd2 Be6 12. Bb3 Rfd8 13. Qe2 d5 14. exd5 cxd5 15. Qb5 Qc6 16. Rfd1 a6 17. Qd3 b5 18. Qf3 Ne4 19. Ne2 Nc5 20. Nd4 Qd7 21. Be5 Nxb3 22. Qxb3 f6 23. Nxe6 Qxe6 24. Bd4 Rac8 25. a4 b4 26. a5 Rc4 27. Re1 Qd7 28. Bb6 Rdc8 29. Rad1 Bd8 30. Qf3 Bxb6 31. axb6 Rd8 32. Qd3 Qc6 33. Re7 Qxb6 34. Qg3 g6 35. Qf3 Qd6 36. Qe3 d4 37. Qe4 Qd5 38. Re8+ Kg7 39. Qe7+ Kh6 40. Rxd8 Qf5 41. Qf8+ Kg5 42. Re1 Qxc2 43. h4+ 1-0

[Event "Port of Spain op"]
[Site "Port of Spain"]
[Date "2016.08.02"]
[Round "7"]
[White "Sears, Frank"]
[Black "Seaforth, Sylvan"]
[Result "1-0"]
[WhiteElo "1950"]
[BlackElo "1748"]
[PlyCount "99"]
[EventDate "2016.07.29"]
[EventType "swiss"]
[EventRounds "9"]
[EventCountry "TRI"]
[SourceTitle "EXT 2017"]
[Source "ChessBase"]
[SourceDate "2016.10.25"]
[SourceVersion "1"]
[SourceVersionDate "2016.10.25"]
[SourceQuality "1"]

1. e4 g6 2. d4 Bg7 3. c4 c5 4. Nf3 cxd4 5. Nxd4 Qb6 6. Nb3 Nc6 7. Nc3 a6 8. Be2 Nf6 9. 0-0 d6 10. Be3 Qd8 11. Qd2 h6 12. f4 Bg4 13. h3 Bxe2 14. Qxe2 e6 15. Rad1 Qc7 16. Qf2 0-0 17. g4 Nd7 18. Qd2 Nb6 19. Qe2 Rae8 20. Rc1 f5 21. gxf5 exf5 22. Nd5 Nxd5 23. cxd5 Rxe4 24. dxc6 bxc6 25. Rc4 Re7 26. Qd3 Rfe8 27. Bd4 d5 28. Ra4 Bxd4+ 29. Nxd4 Re3 30. Qxa6 Rxh3 31. Qxc6 Qxc6 32. Nxc6 Re2 33. Rf2 Re1+ 34. Kg2 Reh1 35. Rb4 g5 36. Ne7+ Kf7 37. Nxf5 g4 38. Rb3 R1h2+ 39. Kf1 h5 40. Rxh3 Rxh3 41. Kg2 h4 42. Nh6+ Kg6 43. Nxg4 Rg3+ 44. Kh2 Rxg4 45. a4 Kf5 46. a5 d4 47. b4 Rg3 48. Ra2 Rb3 49. a6 Kxf4 50. a7 1-0

[Event "Port of Spain op"]
[Site "Port of Spain"]
[Date "2016.08.01"]
[Round "5"]
[White "Sears, Frank"]
[Black "Ali, Ian"]
[Result "1/2-1/2"]
[WhiteElo "1950"]
[BlackElo "1779"]
[PlyCount "120"]
[EventDate "2016.07.29"]
[EventType "swiss"]
[EventRounds "9"]
[EventCountry "TRI"]
[SourceTitle "EXT 2017"]
[Source "ChessBase"]
[SourceDate "2016.10.25"]
[SourceVersion "1"]
[SourceVersionDate "2016.10.25"]
[SourceQuality "1"]

1. e4 g6 2. d4 Bg7 3. f4 d6 4. Nc3 e6 5. Nf3 Ne7 6. Be3 a6 7. Qd2 b5 8. Bd3 Nd7 9. Ne2 Bb7 10. 0-0 c5 11. c3 Rc8 12. Ng3 Nf6 13. Kh1 Ng4 14. Bg1 h5 15. Ng5 Qd7 16. h3 Nf6 17. Rae1 h4 18. Ne2 Nh5 19. Bf2 Ng3+ 20. Nxg3 hxg3 21. Bg1 f6 22. Nf3 e5 23. Be3 cxd4 24. cxd4 exd4 25. Nxd4 Kf7 26. f5 gxf5 27. Nxf5 Nxf5 28. Rxf5 Rxh3+ 29. gxh3 Qxf5 30. Qg2 Qg6 31. Bf4 f5 32. Qxg3 Qxg3 33. Bxg3 fxe4 34. Bxe4 Bxe4+ 35. Rxe4 Rc1+ 36. Kg2 Rc2+ 37. Kf3 Rxb2 38. Bxd6 Rxa2 39. Re7+ Kf6 40. Rb7 Bh6 41. Rb6 Kf5 42. Be7 Bg5 43. Bd6 Bh4 44. Rb8 Ke6 45. Bf4 Be7 46. Kg4 Ra4 47. Rb6+ Kd5 48. Kf5 a5 49. Rxb5+ Kc4 50. Re5 Bd8 51. Bg5 Bxg5 52. Kxg5 Ra1 53. h4 a4 54. h5 a3 55. Ra5 Kb3 56. h6 Rh1 57. Kg6 a2 58. h7 Kb2 59. Rh5 Rxh5 60. Kxh5 a1Q 1/2-1/2

[Event "Port of Spain Knights op"]
[Site "Port of Spain"]
[Date "2015.05.28"]
[Round "7"]
[White "Soondarsingh, Dev"]
[Black "Sears, Frank"]
[Result "1-0"]
[WhiteElo "1971"]
[BlackElo "1836"]
[PlyCount "113"]
[EventDate "2015.04.16"]
[EventType "swiss"]
[EventRounds "7"]
[EventCountry "TRI"]
[SourceTitle "EXT 2023"]
[Source "ChessBase"]
[SourceDate "2022.10.05"]
[SourceVersion "1"]
[SourceVersionDate "2022.10.05"]
[SourceQuality "1"]

1. Nf3 d5 2. g3 c5 3. Bg2 Nc6 4. d4 cxd4 5. Nxd4 e5 6. Nxc6 bxc6 7. 0-0 Nf6 8. c4 Be6 9. Qa4 Qd7 10. Nc3 Rd8 11. Rd1 Be7 12. Bg5 Ng8 13. Be3 Nf6 14. Bxa7 0-0 15. Be3 Ra8 16. Qc2 d4 17. Bg5 Bxc4 18. Bxf6 Bxf6 19. e3 Rfd8 20. Na4 Bd5 21. e4 Be6 22. Nb6 Qb7 23. Nxa8 Rxa8 24. b3 Be7 25. f4 f6 26. f5 Bf7 27. g4 Bb4 28. Rd3 Ra5 29. Rg3 Rc5 30. Qd1 Rc3 31. Rxc3 Bxc3 32. Rc1 Qb4 33. Bf1 c5 34. Qd3 h6 35. Rc2 Be1 36. Qa6 Bh4 37. Qc8+ Kh7 38. Qxc5 Qe1 39. Re2 Qd1 40. Qc2 Qa1 41. Rd2 Qe1 42. Qd3 Bg5 43. Re2 Qc1 44. Rc2 Be3+ 45. Kg2 Qe1 46. Qe2 Qh4 47. b4 Bf4 48. Kh1 h5 49. b5 hxg4 50. Qg2 Bg5 51. b6 Qe1 52. b7 d3 53. Rc8 Qb4 54. b8Q Qxb8 55. Rxb8 d2 56. Be2 Kh6 57. Rh8# 1-0